Research in Organizational Behavior (Record no. 610207)

MARC details
000 -LEADER
fixed length control field 00354nam a2200145 a 4500
008 - FIXED-LENGTH DATA ELEMENTS--GENERAL INFORMATION
fixed length control field 260204s2026##################000#0#eng##
020 ## - INTERNATIONAL STANDARD BOOK NUMBER
ISBN 9780892385511
Paper back/Hardbound hbk
041 ## - LANGUAGE CODE
Language code of text/sound track or separate title eng
082 04 - DEWEY DECIMAL CLASSIFICATION NUMBER
Classification number 302.35
Item number STA.8
100 ## - MAIN ENTRY--AUTHOR NAME
Personal name Staw
245 10 - TITLE STATEMENT
Title Research in Organizational Behavior
Statement of responsibility, etc /Barry M Staw
504 ## - BIBLIOGRAPHY, ETC. NOTE
Bibliography, etc Includes index
942 ## - ADDED ENTRY ELEMENTS (KOHA)
Koha item type Reference
Holdings
Withdrawn status Lost status Damaged status Not for loan Home library Current library Shelving location Date acquired Full call number Accession Number Price effective from Koha item type
        Anna Centenary Library Anna Centenary Library 3RD FLOOR, B WING 04.02.2026 302.35 STA.8 292030 04.02.2026 Reference

Find us on the map